000 00639nam a2200181 a 4500
005 20140412111321.0
008 010402s19uu xx 00 eng d
020 _a0-7214-4276-5
050 _aER
_bLi72
245 _aThe little mermaid.
260 _aLeicestershire, UK :
_bLadybird Books Ltd,
_c[n.d.]
300 _a1 v. (unp.) ; ill.
440 _aDisney
520 _aWhen King Triton, ruler of the seas tries to stop his daughter Ariel marrying a human prince, she asks the wicked Sea-Witch Ursula to help her. But Ursula has plans of her own. . .
650 _aMermaids-stories
650 _aMermaids-Fiction
999 _c104375
_d104375